| 000 | 00443nam a22001577a 4500 | ||
|---|---|---|---|
| 082 |
_a526.9 _bKIS _cL-16:p-26 |
||
| 100 |
_aPhilip, Kissam _939630 |
||
| 245 |
_aSurveying _c Kissam, Philip |
||
| 250 | _a1st | ||
| 260 |
_aLondon _bMcgraw-Hill Book Company, Inc _c1947 |
||
| 300 |
_ap384. : _bill. ; _c10 cm. |
||
| 526 |
_a0 _b0 _c0 _d526_900000000000000_KIS |
||
| 526 |
_a0 _b0 _c0 _d526_900000000000000_KIS |
||
| 650 |
_aMCE _9379 |
||
| 942 |
_2ddc _cBK |
||
| 999 |
_c544084 _d544084 |
||